NumPy essentials: (Record no. 196702)

MARC details
000 -LEADER
fixed length control field 00834nam a2200229Ia 4500
003 - CONTROL NUMBER IDENTIFIER
control field OSt
005 - DATE AND TIME OF LATEST TRANSACTION
control field 20251230115021.0
008 - FIXED-LENGTH DATA ELEMENTS--GENERAL INFORMATION
fixed length control field 210716s2016 xx 000 0 und d
020 ## - INTERNATIONAL STANDARD BOOK NUMBER
International Standard Book Number 9781784393670
040 ## - CATALOGING SOURCE
Transcribing agency AIMIT LIBRARY
041 ## - LANGUAGE CODE
Language code of text/sound track or separate title eng
082 ## - DEWEY DECIMAL CLASSIFICATION NUMBER
Classification number 005.764
Edition number 1
Item number CHIL
100 ## - MAIN ENTRY--PERSONAL NAME
Personal name Chin, Leo (Liang-Huan).
9 (RLIN) 249752
245 ## - TITLE STATEMENT
Title NumPy essentials:
Remainder of title Boost your scientific and analytic capabilities in no time at all by discovering how to build real world applications with NumPy/
Statement of responsibility, etc. By Leo (Liang- Huan ) Chin and Tanmay Dutta.
250 ## - EDITION STATEMENT
Edition statement 1st ed.
260 ## - PUBLICATION, DISTRIBUTION, ETC.
Place of publication, distribution, etc. Mumbai :
Name of publisher, distributor, etc. Packt Publishing Ltd ,
Date of publication, distribution, etc. 2016.
300 ## - PHYSICAL DESCRIPTION
Extent iii,143 p.;
Other physical details PB
Dimensions 24.5 cm.
650 ## - SUBJECT ADDED ENTRY--TOPICAL TERM
Topical term or geographic name entry element Using numpy arrays
9 (RLIN) 249753
650 ## - SUBJECT ADDED ENTRY--TOPICAL TERM
Topical term or geographic name entry element Linear algebra in Numpy
9 (RLIN) 249754
650 ## - SUBJECT ADDED ENTRY--TOPICAL TERM
Topical term or geographic name entry element Speeding up numpy with cython
9 (RLIN) 249755
942 ## - ADDED ENTRY ELEMENTS (KOHA)
Source of classification or shelving scheme Dewey Decimal Classification
Koha item type Book
Call number prefix 005.764 CHIL
Holdings
Withdrawn status Lost status Damaged status Not for loan Collection code Home library Current library Source of acquisition Cost, normal purchase price Total Checkouts Full call number Barcode Date last seen Cost, replacement price Price effective from Koha item type
        MCA St Aloysius Institute of Management & Information Technology St Aloysius Institute of Management & Information Technology Knowledge World 599.00   005.764 CHIL MCA16217 05/23/2026 449.25 07/16/2021 Book